| 000 | 00530nam a2200205Ia 4500 | ||
|---|---|---|---|
| 003 | GCL | ||
| 008 | 140319s9999 xx 000 0 eng d | ||
| 040 |
_aGCL / _cGCL |
||
| 082 | 0 | 4 |
_aCC _b932 _bG H |
| 100 | 1 | _aGRIMAL, NICOLAS CHRISTAPHE. | |
| 245 | 1 | 0 |
_aHISTOIRE DE L'EGYPTE ANCIENNE / _cGRIMAL, NICOLAS CHRISTAPHE. |
| 260 |
_a[S.N] : _bFAYARD ، _c1988 |
||
| 300 | _a593 P | ||
| 650 | 0 | 4 | _aEGYPT |
| 650 | 0 | 4 | _aANCIENT EGYPT |
| 650 | 0 | 4 | _aHISTORY |
| 650 | 0 | 4 | _aANCIENT CAIRO |
| 650 | 0 | 4 | _aEGYPT - HISTORY |
| 942 |
_2ddc _cBK |
||
| 999 |
_c25077 _d25077 |
||